000 00610nam a2200241Ia 4500
003 OSt
005 20220918223118.0
006 a|||||r|||| 00| 0
007 ta
008 220917b |||||||| |||| 00| 0 eng d
024 _a220,486
037 _cTextual
040 _aARTS
_cARTS
_beng
041 _2eng
_aeng
082 _aZ:(V:5), M2
100 _aVaradachari V K
245 0 _aCitizen and the law
260 _aNew Delhi
_bMetropolitan Book
_c1982
300 _avi,167p
_ccm.
650 _aLAW
_97240
942 _hZ:(V:5), M2
_cTEXL
_2CC
999 _c277502
_d277502